000
00227nam a2200097Ia 4500
001
646952
005
20250826153653.0
008
250824s9999 xx 000 0 und d
245
0
_a
PARMAK UÇLARI
_c
SERAN DEMİRAL
260
_b
TUDEM
999
_c
646952
_d
646952